[Event "Kiel op 30th"]
[Site "Kiel"]
[Date "2017.08.03"]
[Round "8.24"]
[White "Ritter, Uwe"]
[Black "Untiedt, Urs Arved"]
[Result "1-0"]
[WhiteElo "2056"]
[BlackElo "1720"]
[PlyCount "67"]
[EventDate "2017.07.29"]
[EventType "swiss"]
[EventRounds "9"]
[EventCountry "GER"]
[SourceTitle "EXT 2018"]
[Source "ChessBase"]
[SourceDate "2017.10.13"]
[SourceVersion "1"]
[SourceVersionDate "2017.10.13"]
[SourceQuality "1"]

1. e4 e5 2. Nf3 Nc6 3. Bc4 Bc5 4. c3 Nf6 5. d3 d6 6. Nbd2 0-0 7. h3 a6 8. Bb3 Be6 9. 0-0 d5 10. Bc2 Re8 11. Re1 b5 12. Qe2 h6 13. Nxe5 Nxe5 14. d4 Bd6 15. dxe5 Bxe5 16. Nf3 Bc8 17. Nxe5 Rxe5 18. Bf4 Re8 19. e5 Bb7 20. Rad1 Qe7 21. Qe3 Ne4 22. f3 g5 23. Bh2 Nc5 24. b4 Nd7 25. h4 f6 26. hxg5 hxg5 27. Bg6 Nxe5 28. Bxe8 Rxe8 29. f4 d4 30. Qg3 dxc3 31. fxe5 Qxb4 32. exf6 Rxe1+ 33. Rxe1 c2 34. Qxg5+ 1-0

[Event "Kiel op 30th"]
[Site "Kiel"]
[Date "2017.08.01"]
[Round "6"]
[White "Berenstein, Alexander"]
[Black "Untiedt, Urs Arved"]
[Result "1/2-1/2"]
[WhiteElo "1997"]
[BlackElo "1720"]
[PlyCount "63"]
[EventDate "2017.07.29"]
[EventType "swiss"]
[EventRounds "9"]
[EventCountry "GER"]
[SourceTitle "EXT 2018"]
[Source "ChessBase"]
[SourceDate "2017.10.13"]
[SourceVersion "1"]
[SourceVersionDate "2017.10.13"]
[SourceQuality "1"]

1. e4 e5 2. Nf3 Nc6 3. Nc3 Nf6 4. Bc4 Bb4 5. a3 Ba5 6. b4 Bb6 7. d3 d6 8. h3 0-0 9. Bg5 Be6 10. Qd2 Nd4 11. Rc1 c6 12. Nh2 Bxc4 13. dxc4 Ne6 14. Bh4 Nf4 15. Bg5 Bd4 16. Bxf4 Bxc3 17. Qxc3 Nxe4 18. Qf3 exf4 19. Qxf4 Re8 20. 0-0 Nc3 21. Rfe1 Ne2+ 22. Rxe2 Rxe2 23. Ng4 Qe7 24. Ne3 Re8 25. Rd1 Qf6 26. Qxf6 gxf6 27. Kf1 R2xe3 28. fxe3 Rxe3 29. Rxd6 Rxa3 30. Rd7 Rc3 31. Rxb7 Rxc4 32. c3 1/2-1/2

[Event "Kiel op 30th"]
[Site "Kiel"]
[Date "2017.07.30"]
[Round "3"]
[White "Untiedt, Urs Arved"]
[Black "Schmieder, Kerstin"]
[Result "1-0"]
[WhiteElo "1720"]
[BlackElo "1674"]
[PlyCount "79"]
[EventDate "2017.07.29"]
[EventType "swiss"]
[EventRounds "9"]
[EventCountry "GER"]
[SourceTitle "EXT 2018"]
[Source "ChessBase"]
[SourceDate "2017.10.13"]
[SourceVersion "1"]
[SourceVersionDate "2017.10.13"]
[SourceQuality "1"]

1. e4 e5 2. Nf3 d6 3. Bc4 g6 4. 0-0 Bg7 5. c3 Nf6 6. Re1 0-0 7. d4 Nbd7 8. Bg5 c6 9. Nbd2 b5 10. Bb3 Qc7 11. Rc1 Bb7 12. c4 exd4 13. cxb5 c5 14. Nxd4 Ne5 15. Qc2 Qb6 16. Bxf6 Bxf6 17. N4f3 Nxf3+ 18. Nxf3 Qxb5 19. Nd2 Bc6 20. Nc4 Be7 21. e5 d5 22. Na3 Qb4 23. Qe2 Qh4 24. Red1 d4 25. e6 f5 26. f3 h6 27. Re1 Kh7 28. Bc4 Rfd8 29. Rcd1 a5 30. Nb5 Rab8 31. a4 Rb7 32. b3 Qg5 33. Rd3 h5 34. Red1 Bf6 35. g3 Bd5 36. f4 Qh6 37. Bxd5 Rxd5 38. Qg2 Rxb5 39. Qxd5 Be7 40. axb5 1-0

[Event "Kiel op-A 29th"]
[Site "Kiel"]
[Date "2016.08.03"]
[Round "7"]
[White "Richter, Ruediger"]
[Black "Untiedt, Urs Arved"]
[Result "1-0"]
[WhiteElo "1905"]
[BlackElo "1636"]
[PlyCount "117"]
[EventDate "2016.07.30"]
[EventType "swiss"]
[EventRounds "9"]
[EventCountry "GER"]
[SourceTitle "CBM 173 Extra"]
[Source "ChessBase"]
[SourceDate "2016.08.29"]
[SourceVersion "1"]
[SourceVersionDate "2016.08.29"]
[SourceQuality "1"]

1. e4 c5 2. Nf3 d6 3. d4 cxd4 4. Qxd4 Bd7 5. Bc4 Nc6 6. Qd3 Nf6 7. 0-0 e6 8. Nc3 Nb4 9. Qd1 Qc7 10. Bb3 Be7 11. a3 Na6 12. Bf4 Nh5 13. Be3 Nc5 14. Bxc5 dxc5 15. e5 Nf4 16. Qd2 Ng6 17. Rad1 Bc6 18. Ba4 0-0 19. Bxc6 Qxc6 20. Qe3 Rfd8 21. Ne4 Rd5 22. c4 Rd7 23. Rxd7 Qxd7 24. g3 Qc7 25. Nc3 Rd8 26. h4 Bf8 27. h5 Ne7 28. g4 Nc6 29. Rd1 Rxd1+ 30. Nxd1 Qd8 31. Nc3 Nd4 32. Kg2 Nxf3 33. Qxf3 b6 34. Kg3 Qd2 35. Qe2 Qd7 36. Qd1 Qc7 37. f4 a6 38. Ne4 Be7 39. Qd3 h6 40. Nd6 Kf8 41. Qh7 Bxd6 42. exd6 Qxd6 43. Qh8+ Ke7 44. Qxg7 Qd3+ 45. Kh4 Qxc4 46. Qxh6 Qe4 47. Qg5+ Kd7 48. Qe5 Qh1+ 49. Kg5 Qa8 50. h6 Qd8+ 51. Qf6 Qg8+ 52. Qg7 Qd8+ 53. Kh5 Ke7 54. Qg5+ f6 55. Qg7+ Kd6 56. h7 Qa8 57. h8Q Qh1+ 58. Kg6 Qe4+ 59. Kf7 1-0

[Event "Kiel op-A 29th"]
[Site "Kiel"]
[Date "2016.07.30"]
[Round "2"]
[White "De Vries, Joel"]
[Black "Untiedt, Urs Arved"]
[Result "1-0"]
[WhiteElo "2086"]
[BlackElo "1636"]
[PlyCount "85"]
[EventDate "2016.07.30"]
[EventType "swiss"]
[EventRounds "9"]
[EventCountry "GER"]
[SourceTitle "CBM 173 Extra"]
[Source "ChessBase"]
[SourceDate "2016.08.29"]
[SourceVersion "1"]
[SourceVersionDate "2016.08.29"]
[SourceQuality "1"]

1. e4 c5 2. Nf3 d6 3. Bb5+ Bd7 4. Bxd7+ Nxd7 5. 0-0 Ngf6 6. Re1 e6 7. c4 Be7 8. Nc3 0-0 9. d4 cxd4 10. Nxd4 a6 11. b3 Rc8 12. Bb2 Nc5 13. Qe2 e5 14. Nf5 Re8 15. Rad1 Bf8 16. Qf3 Ne6 17. Ba3 Nc5 18. Re2 g6 19. Ne3 Ne6 20. Nc2 Rc7 21. Red2 Rd7 22. g3 Ng5 23. Qe2 Re6 24. h4 Nh3+ 25. Kh2 Bh6 26. Kxh3 Bxd2 27. Qxd2 Kg7 28. Ne3 h5 29. Ncd5 Nxe4 30. Qc2 Nf6 31. Bb2 Nh7 32. f4 f6 33. f5 gxf5 34. Qxf5 Qe8 35. Rg1 Kh8 36. g4 Rg7 37. Rf1 Ng5+ 38. hxg5 Rxg5 39. Qe4 hxg4+ 40. Kg2 Rg6 41. Rh1+ Kg7 42. Nf5+ Kg8 43. Nfe7+ 1-0

[Event "Kiel op-B 28th"]
[Site "Kiel"]
[Date "2015.07.31"]
[Round "9"]
[White "Wichmann, Gerd"]
[Black "Untiedt, Urs Arved"]
[Result "0-1"]
[WhiteElo "1689"]
[BlackElo "1501"]
[PlyCount "36"]
[EventDate "2015.07.25"]
[EventType "swiss"]
[EventRounds "9"]
[EventCountry "GER"]
[SourceTitle "EXT 2017"]
[Source "ChessBase"]
[SourceDate "2016.10.25"]
[SourceVersion "1"]
[SourceVersionDate "2016.10.25"]
[SourceQuality "1"]

1. c4 e5 2. Nc3 Nf6 3. e3 c5 4. d4 exd4 5. exd4 cxd4 6. Qxd4 Nc6 7. Qd1 Bc5 8. Be2 0-0 9. Nf3 d6 10. 0-0 Be6 11. Bg5 Ne5 12. Nxe5 dxe5 13. Qxd8 Rfxd8 14. b3 Bd4 15. Rac1 Bxc3 16. Rxc3 Ne4 17. Bxd8 Nxc3 18. Bf3 Rxd8 0-1

[Event "Kiel op-B 28th"]
[Site "Kiel"]
[Date "2015.07.30"]
[Round "8"]
[White "Untiedt, Urs Arved"]
[Black "Arndt, Magnus"]
[Result "0-1"]
[WhiteElo "1501"]
[BlackElo "1587"]
[PlyCount "54"]
[EventDate "2015.07.25"]
[EventType "swiss"]
[EventRounds "9"]
[EventCountry "GER"]
[SourceTitle "EXT 2017"]
[Source "ChessBase"]
[SourceDate "2016.10.25"]
[SourceVersion "1"]
[SourceVersionDate "2016.10.25"]
[SourceQuality "1"]

1. e4 e5 2. Nf3 Nc6 3. Bc4 Nf6 4. d4 exd4 5. e5 d5 6. 0-0 dxc4 7. exf6 Be6 8. fxg7 Bxg7 9. Ng5 Qd7 10. Re1 0-0-0 11. Nxe6 fxe6 12. Qe2 d3 13. cxd3 cxd3 14. Qe3 Bd4 15. Qxe6 Qxe6 16. Rxe6 Bxf2+ 17. Kxf2 Nd4 18. Re7 Rhf8+ 19. Ke1 Nc2+ 20. Kd2 Nxa1 21. Re3 Nc2 22. Rxd3 Rf2+ 23. Kc3 Rxd3+ 24. Kxd3 Nb4+ 25. Kd4 Rf1 26. Bd2 Nc6+ 27. Kc3 Rxb1 0-1

[Event "Kiel op-B 28th"]
[Site "Kiel"]
[Date "2015.07.29"]
[Round "7"]
[White "Schmieder, Kerstin"]
[Black "Untiedt, Urs Arved"]
[Result "0-1"]
[WhiteElo "1700"]
[BlackElo "1501"]
[PlyCount "78"]
[EventDate "2015.07.25"]
[EventType "swiss"]
[EventRounds "9"]
[EventCountry "GER"]
[SourceTitle "EXT 2017"]
[Source "ChessBase"]
[SourceDate "2016.10.25"]
[SourceVersion "1"]
[SourceVersionDate "2016.10.25"]
[SourceQuality "1"]

1. d4 d5 2. Nc3 Nf6 3. Bg5 e6 4. e4 Be7 5. e5 Ne4 6. Nxe4 dxe4 7. Bxe7 Qxe7 8. Qd2 Bd7 9. Bc4 0-0 10. Ne2 b5 11. Bb3 Rd8 12. 0-0 c5 13. c3 Nc6 14. Qe3 Na5 15. Bc2 Nc4 16. Qxe4 g6 17. Qf4 Nxb2 18. Rab1 Nc4 19. Be4 Rab8 20. Rfd1 Nb6 21. h3 Na4 22. Qf3 Bc8 23. Ng3 b4 24. cxb4 cxd4 25. Rb3 Nc3 26. Rd2 Rxb4 27. Ne2 Rxb3 28. axb3 Qg5 29. Qd3 Ba6 30. f4 Nxe2+ 31. Qxe2 Qxf4 32. Bd3 Qe3+ 33. Kf1 Bxd3 34. Rxd3 Qc1+ 35. Kf2 Qf4+ 36. Ke1 Rd5 37. g3 Qxe5 38. Kd2 Qg5+ 39. Ke1 Re5 0-1

[Event "Kiel op-B 28th"]
[Site "Kiel"]
[Date "2015.07.28"]
[Round "6"]
[White "Untiedt, Urs Arved"]
[Black "Kaiser, Johannes"]
[Result "1/2-1/2"]
[WhiteElo "1501"]
[BlackElo "1631"]
[PlyCount "59"]
[EventDate "2015.07.25"]
[EventType "swiss"]
[EventRounds "9"]
[EventCountry "GER"]
[SourceTitle "EXT 2017"]
[Source "ChessBase"]
[SourceDate "2016.10.25"]
[SourceVersion "1"]
[SourceVersionDate "2016.10.25"]
[SourceQuality "1"]

1. c4 e5 2. Nc3 Nf6 3. g3 Nc6 4. Bg2 Bc5 5. e4 0-0 6. Nge2 d6 7. 0-0 Bg4 8. d3 Nd4 9. Be3 Qd7 10. Kh1 Nxe2 11. Nxe2 Bxe3 12. fxe3 Bh3 13. Ng1 Bxg2+ 14. Kxg2 b5 15. Rc1 bxc4 16. Rxc4 c6 17. Qf3 d5 18. exd5 cxd5 19. Rh4 Qb5 20. Qe2 Qa6 21. Rf5 Rfe8 22. g4 e4 23. d4 Qxe2+ 24. Nxe2 h6 25. Nc3 Red8 26. g5 hxg5 27. Rxg5 Rab8 28. Na4 Rdc8 29. Rf4 Kf8 30. Rf2 1/2-1/2

[Event "Kiel op-B 28th"]
[Site "Kiel"]
[Date "2015.07.26"]
[Round "4"]
[White "Untiedt, Urs Arved"]
[Black "Weck, Uwe"]
[Result "1-0"]
[WhiteElo "1501"]
[BlackElo "1697"]
[PlyCount "35"]
[EventDate "2015.07.25"]
[EventType "swiss"]
[EventRounds "9"]
[EventCountry "GER"]
[SourceTitle "EXT 2017"]
[Source "ChessBase"]
[SourceDate "2016.10.25"]
[SourceVersion "1"]
[SourceVersionDate "2016.10.25"]
[SourceQuality "1"]

1. c4 c5 2. Nf3 Nc6 3. d4 cxd4 4. Nxd4 Nf6 5. Nc3 e6 6. g3 Bb4 7. Bg2 0-0 8. 0-0 Ne5 9. Qb3 Bc5 10. Be3 Nfg4 11. Nxe6 fxe6 12. Bxc5 d6 13. Rad1 Nxh2 14. Kxh2 Rf5 15. Bxd6 Ng4+ 16. Kg1 Qg5 17. Bh3 Bd7 18. Qxb7 1-0

[Event "Kiel op-B 27th"]
[Site "Kiel"]
[Date "2014.08.07"]
[Round "8"]
[White "Koch, Andreas Tigran"]
[Black "Untiedt, Urs Arved"]
[Result "1/2-1/2"]
[WhiteElo "1214"]
[BlackElo "1180"]
[PlyCount "39"]
[EventDate "2014.08.02"]
[EventType "swiss"]
[EventRounds "9"]
[EventCountry "GER"]
[SourceTitle "CBM 161 Extra"]
[Source "ChessBase"]
[SourceDate "2014.08.29"]
[SourceVersion "1"]
[SourceVersionDate "2014.08.29"]
[SourceQuality "1"]

1. e4 c5 2. Nf3 d6 3. Bc4 Bg4 4. Bxf7+ Kd7 5. Ne5+ dxe5 6. Qxg4+ Kc7 7. Qe6 Nf6 8. Nc3 Nbd7 9. d3 Rc8 10. Nd5+ Kb8 11. Nxf6 exf6 12. Qd5 Qc7 13. Qb3 Qd6 14. Bd5 Nb6 15. Be3 Rd8 16. c4 Be7 17. Rc1 Rhe8 18. 0-0 Rf8 19. f4 Rd7 20. f5 1/2-1/2

[Event "Kiel op-B 27th"]
[Site "Kiel"]
[Date "2014.08.05"]
[Round "6"]
[White "Untiedt, Urs Arved"]
[Black "Zielke, Bernd"]
[Result "0-1"]
[WhiteElo "1180"]
[BlackElo "1699"]
[PlyCount "74"]
[EventDate "2014.08.02"]
[EventType "swiss"]
[EventRounds "9"]
[EventCountry "GER"]
[SourceTitle "CBM 161 Extra"]
[Source "ChessBase"]
[SourceDate "2014.08.29"]
[SourceVersion "1"]
[SourceVersionDate "2014.08.29"]
[SourceQuality "1"]

1. c4 f5 2. d4 Nf6 3. Nf3 d6 4. Nc3 c6 5. Bg5 g6 6. g3 Bg7 7. Bg2 0-0 8. 0-0 Qc7 9. Qb3 Be6 10. a4 Bf7 11. Nd2 Nbd7 12. Qc2 e5 13. dxe5 Nxe5 14. b3 Rfe8 15. e4 Nxe4 16. Ndxe4 fxe4 17. Bxe4 Ng4 18. f3 Nf6 19. Rad1 Rad8 20. Bf4 Nh5 21. Bxd6 Rxd6 22. Rxd6 Qxd6 23. Rd1 Qc5+ 24. Kg2 Nf6 25. Bd3 Qe3 26. Be2 Be6 27. Rd3 Qe5 28. Qd2 Bf5 29. Rd8 Kf8 30. f4 Qa5 31. Qd6+ Kf7 32. Rxe8 Nxe8 33. Qb8 Bxc3 34. Qxb7+ Qc7 35. Qxc7+ Nxc7 36. Bf3 Bc2 37. Bxc6 Bxb3 0-1

[Event "Kiel op-B 27th"]
[Site "Kiel"]
[Date "2014.08.04"]
[Round "5"]
[White "Untiedt, Urs Arved"]
[Black "Stolzenwald, Frank"]
[Result "1/2-1/2"]
[WhiteElo "1180"]
[BlackElo "1628"]
[PlyCount "41"]
[EventDate "2014.08.02"]
[EventType "swiss"]
[EventRounds "9"]
[EventCountry "GER"]
[SourceTitle "CBM 161 Extra"]
[Source "ChessBase"]
[SourceDate "2014.08.29"]
[SourceVersion "1"]
[SourceVersionDate "2014.08.29"]
[SourceQuality "1"]

1. c4 e5 2. Nc3 f5 3. f4 e4 4. d3 Bb4 5. Bd2 exd3 6. e3 Nf6 7. Bxd3 g6 8. a3 Bxc3 9. Bxc3 0-0 10. Nf3 b6 11. 0-0 Bb7 12. Qb3 c5 13. Bxf6 Rxf6 14. Rae1 Qe7 15. Bc2 Be4 16. Nd2 Bxc2 17. Qxc2 Re6 18. Qc3 Nc6 19. Nf3 Re8 20. Kf2 h6 21. h4 1/2-1/2

[Event "Kiel op-B 27th"]
[Site "Kiel"]
[Date "2014.08.02"]
[Round "1"]
[White "Untiedt, Urs Arved"]
[Black "Bockelmann, Fred"]
[Result "0-1"]
[WhiteElo "1180"]
[BlackElo "1704"]
[PlyCount "120"]
[EventDate "2014.08.02"]
[EventType "swiss"]
[EventRounds "9"]
[EventCountry "GER"]
[SourceTitle "CBM 161 Extra"]
[Source "ChessBase"]
[SourceDate "2014.08.29"]
[SourceVersion "1"]
[SourceVersionDate "2014.08.29"]
[SourceQuality "1"]

1. c4 Nf6 2. d4 e6 3. Nf3 d5 4. Bg5 Nbd7 5. Nc3 c6 6. e3 Bd6 7. Bd3 h6 8. Bf4 Bxf4 9. exf4 dxc4 10. Bxc4 b5 11. Bb3 0-0 12. 0-0 Qc7 13. Ne5 Bb7 14. Rc1 a6 15. Re1 Rad8 16. a3 Qb6 17. Ne2 c5 18. Nf3 c4 19. Ba2 Bxf3 20. gxf3 e5 21. Bb1 exd4 22. Qxd4 Nc5 23. Qc3 Nd5 24. Qc2 Nd3 25. Rf1 Qg6+ 26. Kh1 Nxc1 27. Qxc1 f5 28. Rg1 Qb6 29. Rg2 Rd6 30. Ng3 Ne7 31. Qe1 Qc5 32. Bc2 Ng6 33. Nh5 Qd5 34. Qc3 Qd4 35. Qxd4 Rxd4 36. Rxg6 Rf7 37. Rg1 Rd2 38. Rc1 Rxf2 39. Ng3 g6 40. b3 c3 41. b4 Rd7 42. Bb3+ Kg7 43. Nf1 Rxf3 44. Kg2 Rxf4 45. Rxc3 Rfd4 46. Bc2 Rc4 47. Rxc4 bxc4 48. Kf3 Kf6 49. Ke2 Ke5 50. Ke3 g5 51. Nd2 f4+ 52. Ke2 Kd4 53. Nb1 Re7+ 54. Kf2 Re3 55. Bf5 Rb3 56. h3 c3 57. Ke1 Rb2 58. Kd1 f3 59. Ke1 c2 60. Bxc2 Rxc2 0-1

[Event "Kiel op-B 27th"]
[Site "Kiel"]
[Date "2014.08.02"]
[Round "2"]
[White "Untiedt, Urs Arved"]
[Black "Brockmann, Werner"]
[Result "1-0"]
[WhiteElo "1180"]
[BlackElo "1415"]
[PlyCount "141"]
[EventDate "2014.08.02"]
[EventType "swiss"]
[EventRounds "9"]
[EventCountry "GER"]
[SourceTitle "CBM 161 Extra"]
[Source "ChessBase"]
[SourceDate "2014.08.29"]
[SourceVersion "1"]
[SourceVersionDate "2014.08.29"]
[SourceQuality "1"]

1. c4 Nf6 2. d4 g6 3. Nf3 Bg7 4. Nc3 0-0 5. Bf4 d6 6. e3 Nh5 7. Be2 Nxf4 8. exf4 c5 9. 0-0 Qa5 10. a3 Nc6 11. dxc5 dxc5 12. Rc1 Bf5 13. Qb3 Qc7 14. Nd5 Qc8 15. Qb5 e6 16. Qxc6 exd5 17. Qxc8 Raxc8 18. Ne5 d4 19. Nd3 b6 20. Rfd1 Rfe8 21. Kf1 Rc7 22. Rd2 Rce7 23. g3 Bh3+ 24. Ke1 Bg4 25. Rcc2 Bf5 26. f3 h5 27. Kf2 Re3 28. Kf1 Bh6 29. h4 f6 30. Kf2 g5 31. fxg5 fxg5 32. hxg5 Bxg5 33. f4 Bd8 34. Bxh5 R8e7 35. Be2 Rg7 36. Rc1 Rexg3 37. Bf3 Bc7 38. Ne5 Bd8 39. Rh1 a6 40. Bd5+ Kf8 41. Rh8+ Ke7 42. Nc6+ Kf6 43. Rh6+ R3g6 44. Rxg6+ Bxg6 45. Nxd8 Kf5 46. Re2 Rh7 47. Be4+ Kf6 48. Bxg6 Kxg6 49. Re6+ Kf5 50. Rxb6 Kxf4 51. Ne6+ Kf5 52. Nxc5 Rh2+ 53. Kg3 Rd2 54. Rb3 a5 55. Rb5 Rc2 56. Nb3+ Ke4 57. Nc5+ Ke3 58. Rb3+ Ke2 59. Nd3 Rxc4 60. Kf4 Rc7 61. Ke4 Rd7 62. Nf4+ Kd2 63. Nd5 Kc2 64. Rb5 Ra7 65. Kxd4 Kb1 66. Kc3 Ra8 67. Kb3 Rc8 68. Ka4 Rc4+ 69. Kxa5 Rc2 70. Ka4 Ka2 71. Nb4+ 1-0